000 01025nam a2200265Ia 4500
003 OSt
005 20221002044014.0
006 a|||||r|||| 00| 0
007 ta
008 220930b |||||||| |||| 00| 0 hin d
020 _a8173152187 (hbk)
024 _a26433
037 _bGift, 05/05/2016,
_cReference Collections
040 _aCRL
_cCRL
_bhin
041 _2hin
_ahin
082 _aP111,4:4k, 152Q0(RR)
100 _aतिवारी, भोलानाथ
245 0 _aअंग्रेजी - हिन्दी मुहावरा - लोकोक्ति कोश
260 _aदिल्ली
_b प्रभात प्रकाशन
_c2010
300 _a591पृ0
_ccm.
650 _aहिन्दी भाषा
700 _a द्विजेंद्र नाथ
942 _hP111,4:4k, 152Q0(RR)
_cref
_2CC
999 _c909382
_d909382